000 00225nam a22000857a 4500
008 170621b xxu||||| |||| 00| 0 eng d
100 _93612
_aJewel. R
245 _aDictionary of food & nutrition
260 _aNew Delhi
_bA. P. H
_c2009
999 _c7000
_d7000